LEADER 01316nam a2200265 i 4500 001 000000013505 003 CaOOAMICUS 005 20241016142110.0 008 180830s1988 it u000 u mul u 040 $aSeMil$bita 110 2 $aFondazione Centro italiano di studi sull'Alto Medioevo .$0(OLS)http://semarc/name/199 245 10$aBisanzio, Roma e l'Italia nell'Alto Medioevo /$cCentro italiano di studi sull'Alto Medioevo, Spoleto. 264 1$aSpoleto :$bPresso la Sede del Centro,$c1988. 300 $a2 v. ;$c22 cm. 490 1 $a[Atti delle] Settimane di Studio del Centro italiano di studi sull'Alto Medioevo ;$v34 500 $aIn mezzo al front.: 3 - 9 aprile 1986 650 4$aBisanzio - Storia - Medioevo.$0(OLS)http://semarc/subject/8260 650 4$aRoma - Storia - Medioevo.$0(OLS)http://semarc/subject/2864 650 4$aCiviltą bizantina.$0(OLS)http://semarc/subject/3020 774 0 $tTomo 1.$w()39807 774 0 $tTomo 2.$w()139320 830 0$aAtti delle settimane di studio / Centro italiano di studi sull'alto Medioevo ;$v34.$0(OLS)http://semarc/title/305 996 $6245$aBisanzio, Roma e l'Italia nell'Alto Medioevo$9(OLS)http://semarc/title/18023 996 $6264$aSpoleto :$bPresso la Sede del Centro$9(OLS)http://semarc/publisher/29731 LEADER 03220nab a2200457 i 4500 001 000000274032 003 CaOOAMICUS 005 20180831164947.0 008 180831n xx uu u0 0und r 013 $a22486 040 $aSeMil$bita 245 10$a[Gennaio-Giugno]. 500 $a1900. 773 0 $t[1900.$w()194017 774 0 $aCanevari, Enrico$tStile del Marino nell?Adone ossia analisi del secentismo.$w()311101 774 0 $aCasalin, Domenico$tStudio giuridico-storico intorno a S. Orso. Venerato nel villaggio omonimo Vicentino.$w()311102 774 0 $aGaffuri, Cesare$tMigrazione e faune.$w()311103 774 0 $aBallerini, Paolo $tL?impianto idro-elettrico per la trasmissione dell?energia da Padernod?Adda a Milano.$w()311104 774 0 $aMaffi, Pietro $tOsservazioni di Bielidi nel 1899.$w()311105 774 0 $aMeda, Filippo <1869-1939>$tGarcia Moreno.$w()311106 774 0 $aMauri, Giuseppe$tL?emigrazione temporanea e la tutela degli operai italiani.$w()311107 774 0 $aMattiussi, Guido $tVecchio ed il nuovo nell?apologetica. A proposito di due libri.$w()311108 774 0 $aCasoli, Pier Biagio <1852-1905>$t??astensione dei cattolici dalle elezioni politiche del Regno Sabaudod?Italia: 1861-1900.$w()311109 774 0 $aBisoni, Giovanni$tUngheri in Italia. (Studio storico-critico).$w()311110 774 0 $aMauri, Angelo$tCrisi sociale.$w()311111 774 0 $aParocchi, Lucido Maria $tGiuseppe Parini e il fine dell?arte.$w()311112 774 0 $aBertani, Carlo $tApologia prima di S. Giustino Martire.$w()311113 774 0 $aPatroni, Giuseppe$tDella libertą del Sommo Pontefice in relazione agli attuali pellegrinaggi per Roma.$w()311114 774 0 $aMeda, Filippo <1869-1939>$tConcetto politico di Dante Alighieri.$w()311115 774 0 $tMissione scientifica e pratica del Clero agli inizi del sec. XX.$w()311116 774 0 $aGiobbi, Adolfo <1897- >$tPrecedenza dell?atto civile sul matrimonio religioso.$w()311117 774 0 $aCappellazzi, Andrea $tModernitą.$w()311118 774 0 $aLorenzelli, Benedetto <1853-1915>$tDiscorso per la Benedizione del «Siderostato» all?Esposizione di Parigi.$w()311119 774 0 $aScuola (La) Cattolica:, periodico$tBenedizione del «Siderostato» all?Esposizione di Parigi. Discorso del Nunzio Pontificio Mons. Lorenzelli.$w()311120 774 0 $aNasalli Rocca, Giovanni Battista $tSulla diplomazia Ecclesiastica. (a proposito di una recente pubblicazione).$w()311121 774 0 $aDella Casa, Raffaele$tNote biografiche di uomini illustri di parte cattolica.$w()311122 774 0 $aBallerini, Giuseppe <1857-1933>$tProfessor Ugolino e la Scienza cattolica.$w()311123 774 0 $aBallerini, Giuseppe <1857-1933>$tProfessori Mercier e Credaro e la filosofia moderna.$w()311124 774 0 $aBallerini, Giuseppe <1857-1933>$tSaggio di filosofia tomistica.$w()311125 774 0 $aRonzoni, Domenico Flavio$tConcezione artistica della Divina Commedia e le opere di S. Bonaventura.$w()311126 996 $6245$a[Gennaio-Giugno]$9(OLS)http://semarc/title/358887